000
00301nam a2200109Ia 4500
008
190216s9999||||xx |||||||||||||| ||und||
100
_a
Sathyanarayana M & Lalaitha Raman
245
0
_a
Business Organisation And Management
260
_b
Himalaya Publishing House
_c
1960
300
_a
428p
942
_c
BK
999
_c
4638
_d
4638